<?xml version="1.0" encoding="UTF-8"?>
<record
    xmlns:xsi="http://www.w3.org/2001/XMLSchema-instance"
    xsi:schemaLocation="http://www.loc.gov/MARC21/slim http://www.loc.gov/standards/marcxml/schema/MARC21slim.xsd"
    xmlns="http://www.loc.gov/MARC21/slim">

  <leader>00682    a2200193   4500</leader>
  <datafield tag="020" ind1=" " ind2=" ">
    <subfield code="a">9688371882</subfield>
  </datafield>
  <datafield tag="050" ind1="0" ind2="4">
    <subfield code="a">F1435 .3 R3</subfield>
    <subfield code="b">G37 2003</subfield>
  </datafield>
  <datafield tag="100" ind1="1" ind2=" ">
    <subfield code="a">Garza, Mercedes de la </subfield>
  </datafield>
  <datafield tag="245" ind1="1" ind2="3">
    <subfield code="a">El universo sagrado de la serpiente entre los mayas /</subfield>
    <subfield code="c">Mercedes de la Garza </subfield>
  </datafield>
  <datafield tag="250" ind1=" " ind2=" ">
    <subfield code="a">1a ed.</subfield>
  </datafield>
  <datafield tag="260" ind1=" " ind2=" ">
    <subfield code="a">Mexico :</subfield>
    <subfield code="b">Universidad Nacional Autonoma de Mexico, </subfield>
    <subfield code="c">r2003</subfield>
  </datafield>
  <datafield tag="300" ind1=" " ind2=" ">
    <subfield code="a">462 p. ; </subfield>
    <subfield code="c">22 cm.</subfield>
  </datafield>
  <datafield tag="504" ind1=" " ind2=" ">
    <subfield code="a">Incluye bibliografia e &#xED;ndice</subfield>
  </datafield>
  <datafield tag="650" ind1=" " ind2="4">
    <subfield code="a">Mayas</subfield>
    <subfield code="x">Religion</subfield>
  </datafield>
  <datafield tag="650" ind1=" " ind2="4">
    <subfield code="a">Mayas </subfield>
    <subfield code="x">Antiguedades</subfield>
  </datafield>
  <datafield tag="650" ind1=" " ind2="4">
    <subfield code="a">Mayas </subfield>
    <subfield code="x">Lenguaje</subfield>
  </datafield>
  <datafield tag="710" ind1="2" ind2=" ">
    <subfield code="a">Universidad Nacional Autonoma de Mexico, Instituto de Investigaciones Filologicas; Centro de Estudios Mayas</subfield>
  </datafield>
  <datafield tag="942" ind1=" " ind2=" ">
    <subfield code="2">lcc</subfield>
    <subfield code="c">LIB</subfield>
  </datafield>
  <datafield tag="999" ind1=" " ind2=" ">
    <subfield code="c">36067</subfield>
    <subfield code="d">36067</subfield>
  </datafield>
  <datafield tag="952" ind1=" " ind2=" ">
    <subfield code="1">0</subfield>
    <subfield code="2">lcc</subfield>
    <subfield code="4">0</subfield>
    <subfield code="7">0</subfield>
    <subfield code="a">LIC-046</subfield>
    <subfield code="b">LIC-046</subfield>
    <subfield code="d">2013-01-10</subfield>
    <subfield code="e">Rec. esc.</subfield>
    <subfield code="h">LLH000002112</subfield>
    <subfield code="o">F1435.3 .R3 G37 2003</subfield>
    <subfield code="p">LLH000002112</subfield>
    <subfield code="r">2015-01-16 00:00:00</subfield>
    <subfield code="t">C.1</subfield>
    <subfield code="y">LIB</subfield>
    <subfield code="z">General</subfield>
  </datafield>
</record>
